000 00327nam a22001337a 4500
020 _a978-81-272-3991-6
041 _aENG
100 _aPandey.P.H
245 _aPrinciples & Practices of Post Harvest Technology
260 _aNew Delhi
_bKalyant Publishers
_c2016
300 _a539
650 _aAPE ( 02 )
856 _uAPE ( 02 )
999 _c62
_d62